000 01043nam a2200253Ia 4500
003 OSt
005 20220923212503.0
006 a|||||r|||| 00| 0
007 ta
008 220922b |||||||| |||| 00| 0 hin d
024 _a153,456
037 _cTextual
040 _aARTS
_cARTS
_bhin
041 _2hin
_ahin
082 _aO15x, 152N3
100 _aअय्यर, के0 ए0 एस0
_9162542
245 0 _aसाहित्य रत्कोशः सुभाषित संग्रह, सम्पा वे राघवन एवं अनु राममूर्ति त्रिपाठी
246 _aSāhitya ratkoshah subhāṣhit sangraha, sampā0 ve0 rāghavan evan anu0 rāmamūrti tripāṭhī
260 _aनई दिल्ली
_b साहित्य अकादेमी
_c1993
300 _a192 पृ.
_ccm.
650 _aसंस्कृत साहित्य
942 _hO15x, 152N3
_cTEXL
_2CC
999 _c309099
_d309099